000 00520nam a2200181Ia 4500
005 20250326142007.0
008 250326s9999 xx 000 0 und d
037 _aTextbook
040 _aFMSL
_beng
_cFMSL
041 _aeng
_2eng
084 _aX:5.1 M8
_qFMSL
100 _aMathew M J
245 0 _aInternational trade : Policies & prospectives in developing economy
_cMathew M J
260 _aJaipur
_bJaipur, Prateeksha
_c1988
300 _a370p
942 _cTB
_hX:5.1 M8
999 _c1292956
_d1292956